[Event "Karelian Winter amateur"]
[Site "Petrozavodsk"]
[Date "2013.12.15"]
[Round "6"]
[White "Loboda, Alexey M"]
[Black "Lapsakov, Alexander S"]
[Result "1-0"]
[WhiteElo "1859"]
[BlackElo "1708"]
[PlyCount "106"]
[EventDate "2013.12.12"]
[EventType "swiss"]
[EventRounds "7"]
[EventCountry "RUS"]
[SourceTitle "EXT 2022"]
[Source "ChessBase"]
[SourceDate "2021.10.06"]
[SourceVersion "1"]
[SourceVersionDate "2021.10.06"]
[SourceQuality "1"]

1. e4 e5 2. Nf3 Nc6 3. Bc4 Nf6 4. Nc3 Be7 5. d3 d6 6. h3 Bd7 7. 0-0 Na5 8. Bd5 c6 9. Bb3 0-0 10. Nh2 Nxb3 11. axb3 d5 12. Qe2 dxe4 13. Nxe4 Nxe4 14. Qxe4 Qc7 15. f4 Bc5+ 16. Be3 Bf5 17. Qf3 e4 18. dxe4 Bxe4 19. Qxe4 Rfe8 20. Qxe8+ Rxe8 21. Bxc5 f6 22. Rxa7 h5 23. Raa1 Re2 24. Rac1 Qa5 25. b4 Qa2 26. Bd4 Qc4 27. Bc3 b5 28. Rf3 Qe4 29. Nf1 Rxc2 30. Rxc2 Qxc2 31. Ne3 Qe4 32. f5 c5 33. bxc5 b4 34. Bd2 Qd4 35. Bc1 Qxc5 36. Rf1 g6 37. fxg6 Kg7 38. Kh2 Kxg6 39. g3 Kf7 40. Ng2 Qc2 41. h4 Kg7 42. Kg1 Qb3 43. Ne3 Qe6 44. Rf2 Kg6 45. Ng2 Qe5 46. Bf4 Qe4 47. Be3 Qe5 48. Nf4+ Kf7 49. Re2 Qf5 50. Bd4 Qg4 51. Kf2 Qf5 52. Re3 Qc2+ 53. Ne2 f5 1-0

[Event "Karelian Winter amateur"]
[Site "Petrozavodsk"]
[Date "2013.12.14"]
[Round "5"]
[White "Vikulin, Alexander A"]
[Black "Lapsakov, Alexander S"]
[Result "1-0"]
[WhiteElo "1795"]
[BlackElo "1708"]
[PlyCount "85"]
[EventDate "2013.12.12"]
[EventType "swiss"]
[EventRounds "7"]
[EventCountry "RUS"]
[SourceTitle "EXT 2022"]
[Source "ChessBase"]
[SourceDate "2021.10.06"]
[SourceVersion "1"]
[SourceVersionDate "2021.10.06"]
[SourceQuality "1"]

1. e4 e5 2. Nf3 Nc6 3. Bb5 a6 4. Ba4 Nf6 5. Qe2 b5 6. Bb3 Bc5 7. c3 0-0 8. 0-0 d6 9. h3 h6 10. a4 Na5 11. Bc2 Bb6 12. b4 Nb7 13. axb5 a5 14. d4 exd4 15. cxd4 Qe8 16. Qd3 Bd7 17. Nc3 axb4 18. Rxa8 Qxa8 19. Ne2 Re8 20. e5 g6 21. Bxh6 Bf5 22. Qd2 Bxc2 23. Qxc2 Nd5 24. Nf4 Nxf4 25. Bxf4 Qa3 26. Rb1 Qc3 27. Qe4 Na5 28. Bd2 Qc4 29. Rxb4 Qa2 30. Qd3 d5 31. Bg5 Nc4 32. Bf6 Ba5 33. Rb3 Nd2 34. Nxd2 Qxd2 35. Qxd2 Bxd2 36. b6 cxb6 37. Rxb6 Bc3 38. Rd6 Bxd4 39. Rxd5 Ba7 40. g4 Kf8 41. Kg2 Rb8 42. h4 Ke8 43. h5 1-0

[Event "Anapa op"]
[Site "Anapa"]
[Date "2012.08.30"]
[Round "1"]
[White "Sorokin, Oleg"]
[Black "Lapsakov, Alexander S"]
[Result "1-0"]
[WhiteElo "2055"]
[BlackElo "1681"]
[PlyCount "83"]
[EventDate "2012.08.30"]
[EventType "swiss"]
[EventRounds "9"]
[EventCountry "RUS"]
[SourceTitle "CBM 150 Extra"]
[Source "ChessBase"]
[SourceDate "2012.10.19"]
[SourceVersion "1"]
[SourceVersionDate "2012.10.19"]
[SourceQuality "1"]

1. e4 e5 2. Nc3 Nf6 3. g3 c5 4. Bg2 Nc6 5. d3 d6 6. Nge2 Bd7 7. f4 Nd4 8. 0-0 Qc8 9. f5 b5 10. Nxd4 cxd4 11. Ne2 b4 12. h3 Qc5 13. a3 bxa3 14. Rxa3 Rc8 15. c3 dxc3+ 16. d4 exd4 17. Qxd4 Qxd4+ 18. Nxd4 cxb2 19. Bxb2 d5 20. exd5 Bxa3 21. Bxa3 Kd8 22. Rd1 Ba4 23. Rb1 Nd7 24. Nc6+ Bxc6 25. dxc6 Ne5 26. Rd1+ Ke8 27. Rc1 h5 28. Bd6 f6 29. Bd5 a5 30. Rc5 Nf7 31. Bf4 Ne5 32. Bxe5 fxe5 33. Rxa5 Ke7 34. Ra7+ Kd6 35. Rd7+ Kc5 36. Be4 Ra8 37. Rd5+ Kc4 38. Rxe5 Rhb8 39. c7 Rb1+ 40. Kf2 Rb2+ 41. Ke3 Rb3+ 42. Kf4 1-0

[Event "Petrozavodsk nt"]
[Site "Petrozavodsk"]
[Date "2010.03.24"]
[Round "4"]
[White "Lapsakov, Alexander S"]
[Black "Yakushev, Alexander A"]
[Result "0-1"]
[WhiteElo "1686"]
[BlackElo "1796"]
[PlyCount "51"]
[EventDate "2010.03.20"]
[EventType "tourn"]
[EventRounds "9"]
[EventCountry "RUS"]
[SourceTitle "EXT 2022"]
[Source "ChessBase"]
[SourceDate "2021.10.06"]
[SourceVersion "1"]
[SourceVersionDate "2021.10.06"]
[SourceQuality "1"]

1. e4 d6 2. d4 g6 3. f4 Bg7 4. Nf3 Nh6 5. h3 Nd7 6. g4 c5 7. g5 Ng8 8. c3 h6 9. Be3 hxg5 10. fxg5 b6 11. Qb3 e6 12. Nbd2 cxd4 13. cxd4 Ne7 14. Nc4 d5 15. Nd6+ Kf8 16. e5 Kg8 17. Nh2 Nf5 18. Nxf5 gxf5 19. Nf3 Bb7 20. g6 f6 21. exf6 Bxf6 22. Rg1 Qe8 23. Ng5 Rh5 24. Nf3 e5 25. dxe5 Nxe5 26. Nd4 0-1